00976nam a22002057a 4500003000800000008004100008037002000049040003500069041000800104080001300112100003000125245018500155260010500340300002200445502014800467650007100615655002300686700003500709700002600744BI-BuBU260408b2025 bd fr|||| 000 0 fre d bDon de l'auteur aBI-BuBUbfrecBI-BuBUdBI-BuBU0 afre a613.952.1 4aut.aHategekimana, Willy10aFacteurs influençants le faible poids des nouveau-nésbcas de l'hopital militaire de KamengecWilly Hategekimana ; Jean de Dieu Nkurunziza, directeur, Servat Nyandwi, directeur aBujumburabUniversité du Burundi, Faculté des sciences, département des mathématiques c2025 aXII-45 f.c30 cm. aMémoire présenté et défendu publiquement en vue de l'obtention du diplôme de master en mathématiques fondamentales et appliquées. 72BI-BuBUaNouveau-néxFaible poids zHopital militaire de kamenge 72BI-BuBUaMémoire1 4dir.aNkurunziza, Jean de Dieu1 4dir.aNyandwi, Servat